Öffentlich-Rechtlich oder Privat? - Statistiken

Allgemein
  • Dieses Quiz wurde 129 mal gespielt
  • Das Durchschnittsergebnis liegt bei 17 aus 20
Antwortstatistiken
Hint Antwort % Korrekt
Frag doch mal die Maus Öffentlich-Rechtlich
97%
Ninja Warrior Germany Privat
97%
Wetten, dass...? Öffentlich-Rechtlich
96%
The Voice of Germany Privat
96%
Wer weiß denn sowas? Öffentlich-Rechtlich
95%
The Masked Singer Privat
95%
Schlag den Star Privat
95%
Klein gegen Groß Öffentlich-Rechtlich
94%
Let's Dance Privat
93%
Gefragt - Gejagt Öffentlich-Rechtlich
91%
Wer wird Millionär? Privat
90%
Das große Backen Privat
87%
Quizduell Öffentlich-Rechtlich
86%
Der Quiz-Champion Öffentlich-Rechtlich
86%
Verstehen Sie Spaß? Öffentlich-Rechtlich
85%
99 - Wer schlägt sie alle? Privat
83%
Das 1% Quiz Privat
75%
Die beste Klasse Deutschlands Öffentlich-Rechtlich
63%
Alle gegen Einen Privat
61%
Das Spiel beginnt! Öffentlich-Rechtlich
49%
Keine übereinstimmenden Quizze gefunden
Verteilung der Resultate
Anzahl Personen mit jedem Resultat
Perzentil nach korrekt beantworteten Fragen
Ihre Resultats-Entwicklung
Sie haben dieses Quiz noch nicht gespielt